00409nam a2200157Ia 4500003000400000005001700004008004100021020001800062040002900080050002200109100001800131245003200149260003800181300000900219650002300228OSt20241001164149.0221021s9999||||xx |||||||||||||| ||und|| a9780415575522 cChuka University Library aGF 41 b.J66 2012 aJones, Andrew 0aHuman Geography: The basics aNew York, U.S.A.bRoutledgec2012 a209p a1. Human Geography